| 000 | 00524nam a2200193Ia 4500 | ||
|---|---|---|---|
| 003 | LDD | ||
| 008 | 181029s9999 xx 000 0 und d | ||
| 020 |
_a8189652451 _c695.00 |
||
| 040 | _cLDD | ||
| 100 | _aDixit, N.K. | ||
| 245 | 0 |
_aTribals in India _cN.K. Dixit |
|
| 250 | _aFist .ed | ||
| 260 |
_aNew Delhi _bUppal Book Store _c2006 |
||
| 365 | _b695.00 | ||
| 901 |
_a3677 _b15-01-2007 |
||
| 902 |
_a7333 _b22-02-2007 _cF _dUPPAL _e31 |
||
| 903 |
_aDiscount-10 _bReqst by : Debal K. Singharoy |
||
| 942 |
_2ddc _cBK |
||
| 999 |
_c78164 _d78164 |
||